[Event "Sardinia World op-A"]
[Site "Orosei"]
[Date "2025.05.01"]
[Round "7"]
[White "Karanikolas, Dimitrios"]
[Black "Solomon, Kenny"]
[Result "0-1"]
[WhiteElo "2054"]
[BlackElo "2272"]
[PlyCount "70"]
[EventDate "2025.04.27"]
[EventType "swiss"]
[EventRounds "9"]
[EventCountry "ITA"]
[SourceTitle "CB19_2025"]
[SourceDate "2025.05.07"]
[SourceVersion "1"]
[SourceVersionDate "2025.05.07"]
[SourceQuality "1"]

1. d4 Nf6 2. Nf3 d5 3. c4 e6 4. Nc3 Be7 5. Bg5 h6 6. Bh4 dxc4 7. e3 c5 8. Bxc4 cxd4 9. Qxd4 Qxd4 10. Nxd4 a6 11. Be2 Nbd7 12. 0-0 g5 13. Bg3 h5 14. h4 gxh4 15. Bxh4 Ng4 16. Bxe7 Kxe7 17. Rac1 Rg8 18. Ne4 f5 19. Nc5 Nxc5 20. Rxc5 Kd6 21. Nb3 b6 22. Rd1+ Ke7 23. Rc7+ Kf6 24. Bf3 Rb8 25. Rh7 Kg6 26. Re7 Ne5 27. Be2 Rb7 28. Rxb7 Bxb7 29. f4 Ng4 30. Bxg4 hxg4 31. Rd6 Bd5 32. Kf2 g3+ 33. Kxg3 Kf6+ 34. Kh3 Bxg2+ 35. Kh4 Rg4+ 0-1

[Event "Sardinia World op-A"]
[Site "Orosei"]
[Date "2025.04.30"]
[Round "5"]
[White "Costantino, Claudio Emanuele"]
[Black "Solomon, Kenny"]
[Result "1/2-1/2"]
[WhiteElo "2096"]
[BlackElo "2272"]
[PlyCount "76"]
[EventDate "2025.04.27"]
[EventType "swiss"]
[EventRounds "9"]
[EventCountry "ITA"]
[SourceTitle "CB19_2025"]
[SourceDate "2025.05.07"]
[SourceVersion "1"]
[SourceVersionDate "2025.05.07"]
[SourceQuality "1"]

1. e4 d6 2. d4 g6 3. Nc3 c6 4. a4 Bg7 5. Nf3 Nf6 6. Be2 0-0 7. 0-0 Qc7 8. a5 e5 9. h3 Re8 10. dxe5 dxe5 11. Be3 h6 12. Bc4 Kh7 13. Qe2 Nh5 14. Rfd1 Qe7 15. Qd2 Be6 16. Bxe6 Qxe6 17. Qd6 Qxd6 18. Rxd6 Bf8 19. Rdd1 Nf6 20. Nd2 Na6 21. Nc4 Re6 22. Kf1 Nc5 23. f3 Na6 24. Ke2 Kg8 25. Bg1 Bc5 26. Bxc5 Nxc5 27. Ke3 Kg7 28. Rd2 Na6 29. Ra3 Re7 30. Ra1 Nb4 31. Ne2 Rb8 32. c3 Na6 33. Rad1 Rf8 34. Nc1 Nc5 35. Rd6 Ne8 36. Rd8 Nf6 37. R8d6 Ne8 38. Rd8 Nf6 1/2-1/2

[Event "Titled Tuesday intern op 25th Feb Early"]
[Site "Chess.com INT"]
[Date "2025.02.25"]
[Round "7"]
[White "Melikyan, Gnel"]
[Black "Solomon, Kenny"]
[Result "1-0"]
[WhiteElo "2217"]
[BlackElo "2272"]
[PlyCount "65"]
[EventDate "2025.02.25"]
[EventType "swiss (blitz)"]
[EventRounds "11"]
[EventCountry "USA"]
[SourceTitle "CB10_2025"]
[SourceDate "2025.03.05"]
[SourceVersion "1"]
[SourceVersionDate "2025.03.05"]
[SourceQuality "1"]

1. e4 d6 2. d4 g6 3. Nc3 c6 4. Be3 Nf6 5. Qd2 Nbd7 6. 0-0-0 b5 7. Bd3 Qc7 8. h3 e5 9. f4 Bg7 10. Nf3 0-0 11. g4 b4 12. Na4 Qa5 13. b3 d5 14. dxe5 Nxe4 15. Bxe4 dxe4 16. Ng5 Nb6 17. Bc5 Nxa4 18. Bxb4 Qa6 19. bxa4 Qxa4 20. a3 a5 21. Bd6 Be6 22. Qd4 Qb5 23. Nxe4 Rfd8 24. Nc3 Qa6 25. Rhf1 Rxd6 26. Qxd6 Bf8 27. Qd3 Bxa3+ 28. Kd2 Qb6 29. Rb1 Qc5 30. Ne4 Qe7 31. Ke2 Bb4 32. c3 Ba3 33. Nd6 1-0

[Event "Titled Tuesday intern op 25th Feb Early"]
[Site "Chess.com INT"]
[Date "2025.02.25"]
[Round "1"]
[White "Solomon, Kenny"]
[Black "Gokerkan, Cem Kaan"]
[Result "0-1"]
[WhiteElo "2272"]
[BlackElo "2473"]
[PlyCount "74"]
[EventDate "2025.02.25"]
[EventType "swiss (blitz)"]
[EventRounds "11"]
[EventCountry "USA"]
[SourceTitle "CB10_2025"]
[SourceDate "2025.03.05"]
[SourceVersion "1"]
[SourceVersionDate "2025.03.05"]
[SourceQuality "1"]

1. d4 Nf6 2. c4 e6 3. Nf3 d5 4. Nc3 Nbd7 5. cxd5 exd5 6. Bg5 c6 7. e3 Be7 8. Bd3 h6 9. Bf4 Nh5 10. Be5 Nhf6 11. Bf4 0-0 12. h3 Re8 13. Qc2 a5 14. g4 c5 15. g5 hxg5 16. Nxg5 cxd4 17. Bh7+ Kf8 18. Nb5 Ra6 19. Nxd4 Bb4+ 20. Kf1 Ne5 21. a3 Bd6 22. Rc1 Bd7 23. Bf5 g6 24. Bxd7 Qxd7 25. Kg2 Nc4 26. Bxd6+ Qxd6 27. Ngf3 Nh5 28. a4 Rxe3 29. b3 Nf4+ 30. Kf1 Na3 31. Qc5 Qxc5 32. Rxc5 Rd3 33. Rc8+ Kg7 34. Rc1 Rf6 35. h4 Ne6 36. Kg2 Nxd4 37. Ne5 Rd2 0-1

[Event "Titled Tuesday intern op 25th Feb Early"]
[Site "Chess.com INT"]
[Date "2025.02.25"]
[Round "6"]
[White "Solomon, Kenny"]
[Black "Shandrygin, Nikita"]
[Result "1-0"]
[WhiteElo "2272"]
[BlackElo "2209"]
[PlyCount "87"]
[EventDate "2025.02.25"]
[EventType "swiss (blitz)"]
[EventRounds "11"]
[EventCountry "USA"]
[SourceTitle "CB10_2025"]
[SourceDate "2025.03.05"]
[SourceVersion "1"]
[SourceVersionDate "2025.03.05"]
[SourceQuality "1"]

1. d4 d5 2. Nf3 Nc6 3. c4 Bg4 4. Nc3 e6 5. Bg5 Be7 6. Bxe7 Ngxe7 7. e3 0-0 8. Bd3 h6 9. h3 Bh5 10. cxd5 Nxd5 11. Nxd5 Qxd5 12. 0-0 Rad8 13. Be2 Bg6 14. Qa4 a6 15. Rfc1 Qd6 16. Rc5 Be4 17. Rac1 Bd5 18. Qa3 f5 19. Qc3 f4 20. Ne5 fxe3 21. Qxe3 Rf6 22. a3 Rdf8 23. f3 Rf4 24. Ng6 Nxd4 25. Nxf8 Qxf8 26. Rxc7 Bc6 27. Rc4 Qd6 28. Rc8+ Kf7 29. Bd3 e5 30. Be4 Bd7 31. R8c7 b5 32. Rc3 Ke7 33. Rc1 g5 34. Bd3 g4 35. hxg4 h5 36. Be4 hxg4 37. R1c5 gxf3 38. Bxf3 Nxf3+ 39. gxf3 Rf5 40. Kf2 Qf6 41. Rxd7+ Kxd7 42. Qd3+ Ke7 43. Rc7+ Ke6 44. Qd7# 1-0

[Event "Titled Tuesday intern op 25th Feb Early"]
[Site "Chess.com INT"]
[Date "2025.02.25"]
[Round "9"]
[White "Solomon, Kenny"]
[Black "Turzo, Attila"]
[Result "0-1"]
[WhiteElo "2272"]
[BlackElo "2248"]
[PlyCount "102"]
[EventDate "2025.02.25"]
[EventType "swiss (blitz)"]
[EventRounds "11"]
[EventCountry "USA"]
[SourceTitle "CB10_2025"]
[SourceDate "2025.03.05"]
[SourceVersion "1"]
[SourceVersionDate "2025.03.05"]
[SourceQuality "1"]

1. d4 d5 2. Nf3 c6 3. c4 Nf6 4. Nc3 a6 5. e3 Bf5 6. Bd2 e6 7. a4 a5 8. Nh4 Bg6 9. Be2 Bb4 10. 0-0 Nbd7 11. Nxg6 hxg6 12. h3 Qe7 13. Qc2 0-0 14. Bd3 dxc4 15. Bxc4 e5 16. Qxg6 exd4 17. exd4 Nb6 18. Bb3 Nbd5 19. Qd3 Rad8 20. Rae1 Qd6 21. Re5 Nc7 22. Qg3 Qxd4 23. Bh6 Nce8 24. Rg5 Nh7 25. Rg4 Qf6 26. Be3 Bd6 27. Bf4 Bxf4 28. Rxf4 Qe5 29. Ne4 Kh8 30. h4 Nef6 31. Nxf6 Nxf6 32. Qg5 Qxg5 33. hxg5 Nd5 34. Rh4+ Kg8 35. Bc2 g6 36. Re4 Rfe8 37. Rfe1 Rxe4 38. Rxe4 Kf8 39. Rd4 Ke7 40. Bb3 Ke6 41. f4 Kf5 42. Bc2+ Kg4 43. Bd1+ Kg3 44. f5 gxf5 45. Rd3+ Kf4 46. Rb3 Rd7 47. Bf3 Kxg5 48. Rd3 Nf6 49. Re3 Kf4 50. Re2 Ne4 51. Kh2 Rd2 0-1

[Event "Titled Tuesday intern op 25th Feb Early"]
[Site "Chess.com INT"]
[Date "2025.02.25"]
[Round "4"]
[White "Solomon, Kenny"]
[Black "Yevchenko, Alexander"]
[Result "1-0"]
[WhiteElo "2272"]
[BlackElo "2276"]
[PlyCount "127"]
[EventDate "2025.02.25"]
[EventType "swiss (blitz)"]
[EventRounds "11"]
[EventCountry "USA"]
[SourceTitle "CB10_2025"]
[SourceDate "2025.03.05"]
[SourceVersion "1"]
[SourceVersionDate "2025.03.05"]
[SourceQuality "1"]

1. d4 Nf6 2. c4 e6 3. Nf3 d5 4. Nc3 c6 5. cxd5 exd5 6. Bg5 h6 7. Bf4 Bd6 8. Be5 Bf5 9. e3 0-0 10. Be2 Ne4 11. 0-0 Bxe5 12. Nxe5 Nd7 13. Nd3 Qg5 14. Nf4 Rfe8 15. Nxe4 Bxe4 16. Bd3 Nf6 17. Bxe4 Nxe4 18. h3 Qf5 19. Qg4 Qxg4 20. hxg4 Nf6 21. Nd3 Nxg4 22. Nc5 b6 23. Nd3 Rac8 24. Rac1 Re6 25. Rc3 Nf6 26. Rfc1 Ne4 27. R3c2 a5 28. a3 Kf8 29. b4 axb4 30. Nxb4 c5 31. Nxd5 Rec6 32. f3 Nd6 33. Nb4 R6c7 34. Na6 Ra7 35. dxc5 Rxa6 36. cxd6 Rd8 37. Rc8 Ke8 38. Rxd8+ Kxd8 39. Rc3 Kd7 40. Rd3 b5 41. Rb3 Rxd6 42. Rxb5 Rd3 43. Ra5 Rxe3 44. Ra7+ Ke6 45. Kf2 Rb3 46. Ra6+ Ke7 47. a4 Rb2+ 48. Kg3 f5 49. Rg6 Kf7 50. Ra6 Ra2 51. Ra7+ Kf6 52. a5 g6 53. Ra6+ Kg7 54. Ra8 Ra4 55. a6 h5 56. a7 Kh7 57. Kf2 Kg7 58. Ke2 h4 59. Kd3 g5 60. Kc3 Ra2 61. Kd3 Ra1 62. Ke3 Ra4 63. Kf2 Kh7 64. Rf8 1-0

[Event "Titled Tuesday intern op 11th Feb Early"]
[Site "Chess.com INT"]
[Date "2025.02.11"]
[Round "6"]
[White "Nimay, Agrawal"]
[Black "Solomon, Kenny"]
[Result "1-0"]
[WhiteElo "1995"]
[BlackElo "2272"]
[PlyCount "87"]
[EventDate "2025.02.11"]
[EventType "swiss (blitz)"]
[EventRounds "11"]
[EventCountry "USA"]
[SourceTitle "CB09_2025"]
[SourceDate "2025.02.27"]
[SourceVersion "1"]
[SourceVersionDate "2025.02.27"]
[SourceQuality "1"]

1. e4 d6 2. d4 g6 3. Nc3 c6 4. Bd3 Bg7 5. Nge2 Nd7 6. 0-0 Ngf6 7. Be3 b5 8. a3 a6 9. f4 Nb6 10. h3 h5 11. Qe1 h4 12. Rd1 Kf8 13. Qf2 e6 14. b3 Rb8 15. Kh1 Nh5 16. Nb1 f5 17. Nd2 Nd7 18. Nf3 Bf6 19. e5 Be7 20. exd6 Bxd6 21. Ne5 Bxe5 22. dxe5 c5 23. Bxc5+ Kg7 24. Bd6 Ra8 25. Nd4 Nb6 26. Nc6 Qd7 27. Qxb6 Bb7 28. Nd4 Ng3+ 29. Kg1 Bd5 30. Rf2 Rhc8 31. Bb4 Re8 32. c4 bxc4 33. bxc4 Bb7 34. Bd6 Rac8 35. Rb1 Be4 36. Bxe4 Nxe4 37. Qb7 Red8 38. Qxd7+ Rxd7 39. Nxe6+ Kg8 40. Rc2 Nxd6 41. Rd1 Rc6 42. c5 Re7 43. exd6 Rxe6 44. d7 1-0

[Event "Titled Tuesday intern op 28th Jan Early"]
[Site "Chess.com INT"]
[Date "2025.01.28"]
[Round "11"]
[White "Kleimenov, Nikolay"]
[Black "Solomon, Kenny"]
[Result "1-0"]
[WhiteElo "2123"]
[BlackElo "2280"]
[PlyCount "153"]
[EventDate "2025.01.28"]
[EventType "swiss (blitz)"]
[EventRounds "11"]
[EventCountry "USA"]
[SourceTitle "CB06_2025"]
[SourceDate "2025.02.05"]
[SourceVersion "1"]
[SourceVersionDate "2025.02.05"]
[SourceQuality "1"]

1. e4 g6 2. d4 d6 3. Nc3 c6 4. Be3 Nf6 5. f3 b5 6. Qd2 Nbd7 7. Nge2 Qc7 8. g4 Nb6 9. Ng3 b4 10. Nd1 a5 11. h4 h5 12. g5 Nfd7 13. Nf2 Bg7 14. f4 c5 15. 0-0-0 c4 16. c3 0-0 17. f5 Rb8 18. fxg6 fxg6 19. Bh3 Na4 20. Nxh5 bxc3 21. bxc3 Rb2 22. Be6+ Kh8 23. Nxg7 Rxd2 24. Kxd2 Kxg7 25. h5 Ne5 26. dxe5 Bxe6 27. exd6 Qxd6+ 28. Bd4+ Kg8 29. hxg6 Rxf2+ 30. Ke1 Rh2 31. Rf1 Qg3+ 32. Bf2 Qxc3+ 33. Rd2 Qc1+ 34. Rd1 Qxd1+ 35. Kxd1 Kg7 36. Bg3 Rxa2 37. Be5+ Kxg6 38. Rg1 c3 39. Rg3 Bb3+ 40. Ke1 c2 41. Kd2 Be6 42. Bd4 Ra3 43. Rxa3 Bd7 44. Be3 Kh5 45. Kxc2 Bc6 46. Kd3 e5 47. Kd2 Bb5 48. Ba7 Kg6 49. Ke3 Nb2 50. Ra1 Nc4+ 51. Kf3 Nd6 52. Ke3 Nc4+ 53. Kf3 a4 54. Bc5 Nd2+ 55. Ke3 Nc4+ 56. Kf2 Nd2 57. Re1 Nb3 58. Ba3 Nd2 59. Rc1 Nxe4+ 60. Ke3 Nxg5 61. Rc5 Bd7 62. Rxe5 Bf5 63. Ra5 Nf7 64. Ra6+ Kg5 65. Be7+ Kg4 66. Rxa4+ Kg3 67. Rf4 Be6 68. Rf6 Bd5 69. Rg6+ Kh3 70. Kf4 Kh2 71. Rg3 Ne5 72. Rg7 Nd3+ 73. Ke3 Ne5 74. Bd6 Kh1 75. Bxe5 Bg2 76. Kf2 Bh3 77. Rg1# 1-0

[Event "Titled Tuesday intern op 28th Jan Early"]
[Site "Chess.com INT"]
[Date "2025.01.28"]
[Round "9"]
[White "Solomon, Kenny"]
[Black "Baqer, Hamed Khlaf"]
[Result "1-0"]
[WhiteElo "2280"]
[BlackElo "2003"]
[PlyCount "93"]
[EventDate "2025.01.28"]
[EventType "swiss (blitz)"]
[EventRounds "11"]
[EventCountry "USA"]
[SourceTitle "CB06_2025"]
[SourceDate "2025.02.05"]
[SourceVersion "1"]
[SourceVersionDate "2025.02.05"]
[SourceQuality "1"]

1. d4 Nf6 2. Nf3 g6 3. c4 Bg7 4. g3 0-0 5. Bg2 d5 6. 0-0 dxc4 7. Na3 c5 8. dxc5 Qa5 9. Nxc4 Qxc5 10. b3 Ne4 11. Be3 Qh5 12. Rc1 Nc6 13. h4 Bg4 14. Qc2 Bf5 15. Qd1 Rfd8 16. Qe1 Rac8 17. Nfd2 Nc3 18. Rxc3 Bxc3 19. Bf3 Bg4 20. Qc1 Bg7 21. Bxg4 Qg5 22. Bxg5 Nd4 23. Re1 b5 24. e3 bxc4 25. exd4 cxb3 26. Qb1 Rxd4 27. Nxb3 Rxg4 28. Bxe7 h5 29. Bg5 a5 30. Rc1 Rb8 31. Rd1 a4 32. Rd8+ Rxd8 33. Bxd8 Rb4 34. Qe1 Rb8 35. Qe8+ Kh7 36. Qxf7 Rxd8 37. Nc5 Rf8 38. Qa7 Kh6 39. Ne6 Rg8 40. Qe3+ Kh7 41. Ng5+ Kh8 42. Nf7+ Kh7 43. Qe4 Rf8 44. Ng5+ Kh8 45. Ne6 Rg8 46. Qxg6 Bd4 47. Qh6# 1-0

[Event "Titled Tuesday intern op 28th Jan Early"]
[Site "Chess.com INT"]
[Date "2025.01.28"]
[Round "10"]
[White "Solomon, Kenny"]
[Black "Gubajdullin, Alexey"]
[Result "1-0"]
[WhiteElo "2280"]
[BlackElo "2238"]
[PlyCount "105"]
[EventDate "2025.01.28"]
[EventType "swiss (blitz)"]
[EventRounds "11"]
[EventCountry "USA"]
[SourceTitle "CB06_2025"]
[SourceDate "2025.02.05"]
[SourceVersion "1"]
[SourceVersionDate "2025.02.05"]
[SourceQuality "1"]

1. d4 Nf6 2. c4 g6 3. Nc3 Bg7 4. e4 0-0 5. h3 d6 6. Be3 Na6 7. Bd3 c5 8. d5 e6 9. Nge2 exd5 10. exd5 Re8 11. 0-0 Rxe3 12. fxe3 Bh6 13. e4 Nd7 14. Nf4 Ne5 15. Be2 Qh4 16. Qe1 Qe7 17. a3 Bd7 18. b3 Re8 19. Qf2 Nc7 20. Nd3 Bg7 21. Qg3 f5 22. Rac1 Nxd3 23. Bxd3 Bxc3 24. Rxc3 fxe4 25. Re1 Bf5 26. Bxe4 Bxe4 27. Rce3 Qf6 28. Rxe4 Rf8 29. Re7 Rc8 30. Qg4 Rf8 31. Kh1 Qc3 32. R7e3 Qd4 33. Qxd4 cxd4 34. Re4 d3 35. Rd1 Na6 36. b4 b5 37. cxb5 Nc7 38. Rxd3 Rf1+ 39. Kh2 Nxb5 40. a4 Nc7 41. Re7 Na6 42. Rc3 Rf8 43. b5 Nc5 44. Rxc5 dxc5 45. Rxa7 Rc8 46. d6 Kf8 47. b6 Rb8 48. a5 Ke8 49. Rxh7 c4 50. Rh8+ Kd7 51. Rxb8 c3 52. Rb7+ Kxd6 53. Rc7 1-0

[Event "Titled Tuesday intern op 24th Sep Late"]
[Site "Chess.com INT"]
[Date "2024.09.24"]
[Round "1"]
[White "Colas, Joshua"]
[Black "Solomon, Kenny"]
[Result "1-0"]
[WhiteElo "2224"]
[BlackElo "2271"]
[PlyCount "131"]
[EventDate "2024.09.24"]
[EventType "swiss (blitz)"]
[EventRounds "11"]
[EventCountry "USA"]
[SourceTitle "EXT 2025"]
[Source "ChessBase"]
[SourceDate "2024.10.14"]
[SourceVersion "1"]
[SourceVersionDate "2024.10.14"]
[SourceQuality "1"]

1. Nf3 Nf6 2. c4 b6 3. g3 c5 4. Bg2 Bb7 5. 0-0 e6 6. Nc3 Be7 7. d4 cxd4 8. Qxd4 0-0 9. b3 d6 10. Bb2 a6 11. Rad1 Nbd7 12. e4 Qc7 13. Rfe1 Ne5 14. Nxe5 dxe5 15. Qd2 Rad8 16. Qe2 Bc6 17. h3 Bc5 18. Kh2 h5 19. Bf3 g6 20. a3 Bd4 21. Rd2 Kg7 22. Red1 Rh8 23. Kg2 h4 24. g4 Nh7 25. Kf1 Ng5 26. Bg2 Qb7 27. f4 Nh7 28. fxe5 Bxc3 29. Bxc3 Rxd2 30. Rxd2 b5 31. Kg1 bxc4 32. Qxc4 Bb5 33. Qb4 Rc8 34. a4 Qa7+ 35. Bd4 Qc7 36. axb5 Qc1+ 37. Bf1 Ng5 38. Rd3 Rc2 39. Qe7 Nxe4 40. Rf3 Ng5 41. Qf6+ Kg8 42. Rd3 Qe1 43. Bf2 Rxf2 44. Qxf2 Qxe5 45. Rd8+ Kg7 46. Rd3 Ne4 47. Qd4 Qxd4+ 48. Rxd4 axb5 49. Rxe4 e5 50. Rxe5 Kf6 51. Rxb5 g5 52. Rb4 Kg6 53. Rc4 f6 54. Bd3+ f5 55. Bxf5+ Kf6 56. b4 Ke5 57. b5 Kf6 58. Rc6+ Ke5 59. b6 Kd5 60. Rg6 Kd4 61. Rxg5 Ke3 62. Rh5 Kf4 63. Rxh4 Kg3 64. Rh7 Kf4 65. Rc7 Kg3 66. b7 1-0

[Event "Titled Tuesday intern op 24th Sep Late"]
[Site "Chess.com INT"]
[Date "2024.09.24"]
[Round "9"]
[White "Solomon, Kenny"]
[Black "Asylov, Miras"]
[Result "1-0"]
[WhiteElo "2271"]
[BlackElo "2300"]
[PlyCount "69"]
[EventDate "2024.09.24"]
[EventType "swiss (blitz)"]
[EventRounds "11"]
[EventCountry "USA"]
[SourceTitle "EXT 2025"]
[Source "ChessBase"]
[SourceDate "2024.10.14"]
[SourceVersion "1"]
[SourceVersionDate "2024.10.14"]
[SourceQuality "1"]

1. d4 Nf6 2. Nf3 b6 3. g3 Bb7 4. Bg2 g6 5. c4 Bg7 6. Nc3 0-0 7. 0-0 e6 8. d5 Na6 9. Nd4 exd5 10. cxd5 Re8 11. e4 Nc5 12. Re1 c6 13. d6 Ne6 14. e5 Nh5 15. Nxe6 Rxe6 16. g4 Bxe5 17. gxh5 Qh4 18. h3 Rae8 19. Re4 Qf6 20. Qg4 Bxc3 21. bxc3 Qxc3 22. Rxe6 Rxe6 23. Qh4 Re8 24. Rb1 Qc2 25. Ra1 Qc3 26. Rb1 Qc2 27. Ra1 Qd1+ 28. Kh2 Qxd6+ 29. Bf4 Qd4 30. Re1 Rf8 31. h6 f6 32. Re7 Kh8 33. Rg7 Ba6 34. Qg3 Bd3 35. Be3 1-0

[Event "Titled Tuesday intern op 17th Sep Late"]
[Site "Chess,com INT"]
[Date "2024.09.17"]
[Round "4"]
[White "Skaric, Djuro"]
[Black "Solomon, Kenny"]
[Result "1/2-1/2"]
[WhiteElo "2277"]
[BlackElo "2271"]
[PlyCount "163"]
[EventDate "2024.09.17"]
[EventType "swiss (blitz)"]
[EventRounds "11"]
[EventCountry "USA"]
[SourceTitle "EXT 2025"]
[Source "ChessBase"]
[SourceDate "2024.10.14"]
[SourceVersion "1"]
[SourceVersionDate "2024.10.14"]
[SourceQuality "1"]

1. g3 d5 2. Bg2 g6 3. d3 Bg7 4. Nf3 e5 5. 0-0 Nc6 6. Nc3 Nge7 7. e4 d4 8. Ne2 0-0 9. Ne1 Bg4 10. f3 Be6 11. h3 Qd7 12. Kh2 f5 13. f4 Rae8 14. Nf3 fxe4 15. dxe4 exf4 16. gxf4 Bc4 17. Ne1 Nc8 18. Nd3 Nd6 19. Ng3 b6 20. e5 Nf5 21. Nxf5 Rxf5 22. Be4 Rff8 23. Qg4 Be6 24. Qg3 Bf5 25. Bxf5 Qxf5 26. Bd2 a5 27. a3 Ne7 28. Rf2 Qd7 29. Raf1 Nf5 30. Qg4 c5 31. b3 a4 32. Qe2 axb3 33. cxb3 Qd5 34. Nc1 Rd8 35. Qd3 Kh8 36. a4 Rc8 37. Ne2 c4 38. bxc4 Rxc4 39. Ra1 Rfc8 40. Ng3 Nxg3 41. Qxg3 Rc2 42. Qd3 Qd7 43. Kg2 Qd5+ 44. Qf3 Qe6 45. a5 bxa5 46. Rxa5 Qe8 47. Ra7 Rb8 48. Rb7 Rxb7 49. Qxb7 d3 50. Qd5 Qc6 51. Qxc6 Rxc6 52. Kf3 Ra6 53. Ke4 Ra3 54. Rf3 Bf8 55. Rxd3 Rxd3 56. Kxd3 Kg8 57. Ke4 Kf7 58. Kd5 Bh6 59. e6+ Ke8 60. Ke5 Bg7+ 61. Kd5 Ke7 62. Bb4+ Ke8 63. e7 Bf6 64. Ke6 Bh4 65. Bd6 h5 66. Bc5 Bg3 67. f5 gxf5 68. Kxf5 Bh4 69. Ke6 Bg5 70. Bd6 Bh4 71. Kf5 Bxe7 72. Bxe7 Kxe7 73. Kg5 h4 74. Kxh4 Kf6 75. Kg4 Kg6 76. h4 Kh6 77. h5 Kg7 78. Kg5 Kh7 79. h6 Kh8 80. Kg6 Kg8 81. h7+ Kh8 82. Kh6 1/2-1/2

[Event "Titled Tuesday intern op 17th Sep Late"]
[Site "Chess,com INT"]
[Date "2024.09.17"]
[Round "10"]
[White "Solomon, Kenny"]
[Black "Rozman, Levy"]
[Result "0-1"]
[WhiteElo "2271"]
[BlackElo "2370"]
[PlyCount "74"]
[EventDate "2024.09.17"]
[EventType "swiss (blitz)"]
[EventRounds "11"]
[EventCountry "USA"]
[SourceTitle "EXT 2025"]
[Source "ChessBase"]
[SourceDate "2024.10.14"]
[SourceVersion "1"]
[SourceVersionDate "2024.10.14"]
[SourceQuality "1"]

1. d4 f5 2. g3 Nf6 3. Bg2 g6 4. c4 Bg7 5. Nc3 0-0 6. Nf3 d6 7. 0-0 c6 8. Rb1 a5 9. Qb3 Na6 10. Rd1 Kh8 11. a3 Qc7 12. Qc2 Be6 13. b3 Bg8 14. Bb2 e5 15. c5 e4 16. cxd6 Qxd6 17. Ne5 Nc7 18. Na4 Nb5 19. Nc5 Qc7 20. f3 Nd5 21. Qc1 exf3 22. Bxf3 Rae8 23. Ncd3 Nd6 24. Qg5 Ne4 25. Qh4 Bf6 26. Qh6 Qg7 27. Qxg7+ Kxg7 28. Bxe4 fxe4 29. Nf4 Bg5 30. Nxd5 Bxd5 31. Bc1 e3 32. Bb2 Rf2 33. Nf3 Bf6 34. Re1 Bxb3 35. Bc3 a4 36. Ba5 Bd5 37. Rxb7+ Kh6 0-1

[Event "Titled Tuesday intern op 10th Sep Early"]
[Site "Chess,com INT"]
[Date "2024.09.10"]
[Round "2"]
[White "Troff, Kayden W"]
[Black "Solomon, Kenny"]
[Result "1-0"]
[WhiteElo "2490"]
[BlackElo "2271"]
[PlyCount "81"]
[EventDate "2024.09.10"]
[EventType "swiss (blitz)"]
[EventRounds "11"]
[EventCountry "USA"]
[SourceTitle "EXT 2025"]
[Source "ChessBase"]
[SourceDate "2024.10.14"]
[SourceVersion "1"]
[SourceVersionDate "2024.10.14"]
[SourceQuality "1"]

1. d4 Nf6 2. Nf3 d5 3. Bf4 c5 4. e3 Nc6 5. Nc3 cxd4 6. Nxd4 Nxd4 7. Qxd4 a6 8. Be2 e6 9. 0-0 Be7 10. Na4 Qa5 11. b3 Bd7 12. Qb6 Bd8 13. Qxb7 Rc8 14. Bd6 Ne4 15. Bb4 Qc7 16. Qxc7 Rxc7 17. Bxa6 Ra7 18. Bd3 Bxa4 19. bxa4 f5 20. f3 Nf6 21. Bb5+ Kf7 22. Bc5 Ra5 23. Rfc1 Be7 24. Bb6 Raa8 25. a5 Rhc8 26. c4 Ba3 27. Rc2 Bb4 28. a6 Rcb8 29. Bd4 dxc4 30. Bxc4 Ba3 31. Bf1 Nd5 32. e4 fxe4 33. fxe4 Ne7 34. Rc7 Ke8 35. a7 Rd8 36. Bb5+ Kf7 37. Rf1+ Kg6 38. Bb6 Re8 39. Bxe8+ Rxe8 40. Rb7 Nc8 41. a8Q 1-0